Marketing v cestovnom ruchu podľa Kotlera

Recenzia na publikáciu Marketing v pohostinstve a v cestovnom ruchu. Kniha vyčerpávajúcim spôsobom prezentuje komplexný pohľad na aplikáciu marketingu v uvedených službách.

Gespeichert in:
Bibliographische Detailangaben
1. Verfasser: Novacká, Ľudmila, 1953-
Format: Buchkapitel
Sprache:Slowakisch
Schlagworte:
Tags: Tag hinzufügen
Keine Tags, Fügen Sie das erste Tag hinzu!

MARC

LEADER 00000naa$a2200000$$$4500
001 0081942
005 20240502071924.4
041 0 |a slo 
044 |a SK 
245 1 0 |a Marketing v cestovnom ruchu podľa Kotlera  |c Ľudmila Novacká 
520 |a Recenzia na publikáciu Marketing v pohostinstve a v cestovnom ruchu. Kniha vyčerpávajúcim spôsobom prezentuje komplexný pohľad na aplikáciu marketingu v uvedených službách. 
610 2 0 |a pohostinstvo 
610 2 0 |a ruch cestovný 
610 2 0 |a recenzie 
610 2 0 |a marketing 
100 1 |a Novacká, Ľudmila, 1953-